Nederlandse plaatsen omschrijvingen - Statistieken

Algemene statistieken
  • Deze quiz is 66 keer genomen
  • De gemiddelde score is 6 van 14
Antwoordstatistieken
Hint Antwoord % Correct
Vis; voormalig eiland; kerken Urk
87%
Mergelstad; Geul; Cauberg Valkenburg
75%
Van Harinxmakanaal; 11 steden; planetarium Franeker
60%
De SP; bende van; industrie Oss
56%
Hockey; duinen; villa’s Bloemendaal
54%
ESA; Oranje; strand Noordwijk
48%
Market Garden; Rijk van Nijmegen; Achilles’29 Groesbeek
44%
Dahliacorso; Van Gogh; turfwinning Zundert
31%
Vesting; passion; waterlinie Naarden
29%
Fraeylemaborg; Duurswold; gaswinning Slochteren
23%
Dijkpoort; Daendels; IJsselbrug Hattem
15%
Lanxmeerpoort; vuurwerkramp; Fort Everdingen Culemborg
13%
Vuurtoren; paarden reddingsboot; op een eiland Hollum
12%
De Leest; Cannenburgh; raatakkers Vaassen
12%
Geen overeenkomende quizzen gevonden
Scoreverdeling
Procent van Mensen met Elke Score
Percentiel versus Aantal Correcte Antwoorden
Uw Scoregeschiedenis
U heeft deze quiz nog niet genomen